Coarse wavelength division multiplexing: technologies and applications
Furkejuvvon:
| Váldodahkkit: | , |
|---|---|
| Materiálatiipa: | Girji |
| Giella: | eaŋgalasgiella |
| Almmustuhtton: |
Boca Ratón
CRC Press
2007
|
| Preanttus: | 1a. ed |
| Ráidu: | Optical Science and Engineering, 127
|
| Fáttát: | |
| Fáddágilkorat: |
Lasit fáddágilkoriid
Eai fáddágilkorat, Lasit vuosttaš fáddágilkora!
|
MARC
| LEADER | 00000cam a2200000 a 4500 | ||
|---|---|---|---|
| 001 | UCG8829 | ||
| 003 | CL-VaPUC | ||
| 008 | 120106e20070000US |||||||||||||||||eng|d | ||
| 020 | |a 9780849335334 | ||
| 082 | 0 | 4 | |a 621.3827 |b THI |2 21 |
| 100 | 0 | |a Thiele, Hans-Jörg |e author |9 560028 | |
| 700 | 0 | |a Nebeling, Marcus |e author |9 560029 | |
| 245 | 1 | 0 | |a Coarse wavelength division multiplexing: technologies and applications |
| 250 | |a 1a. ed | ||
| 300 | |a 335 p | ||
| 942 | |c BK | ||
| 945 | |d 20120106 00:00:00 |a cmena | ||
| 260 | |a Boca Ratón |b CRC Press |c 2007 | ||
| 650 | 7 | |a COMUNICACION OPTICA |2 CL-VaPUC |9 560030 | |
| 650 | 7 | |a PROTOCOLOS |2 CL-VaPUC |9 386841 | |
| 650 | 7 | |a DISEÑO DE REDES |2 CL-VaPUC |9 355401 | |
| 650 | 0 | |a Telecomunicaciones |9 257195 | |
| 583 | |a last modification |c 20120106 11:45:00 |k Rodrigo Vera | ||
| 490 | 0 | |a Optical Science and Engineering, 127 | |
| 999 | |c 346417 |d 346415 | ||
| 952 | |0 0 |1 0 |4 0 |6 621_382700000000000_THI_2007 |7 0 |8 A |9 447101 |a BIBING |b BIBING |d 2019-11-22 |i 4832418 |o 621.3827 THI 2007 |p 4832418 |r 2025-01-20 |w 2019-11-22 |y BK |k EIE | ||